| 000 | 01217nam0a22002891 4500 | ||
|---|---|---|---|
| 001 | rc\4861523 | ||
| 005 | 20250613021807.0 | ||
| 021 |
_aRU _b[65-16748] |
||
| 035 | _a(NLR Aleph) 008904772 | ||
| 090 |
_a8725778 _c8725778 |
||
| 100 | _a20130426d1965 |||y0rusy50 ca | ||
| 101 | 0 | _arus | |
| 102 | _aRU | ||
| 105 | _aa g ||||| | ||
| 200 | 1 |
_aОхрана труда и техника безопасности при строительстве и эксплуатации дорог и мостов _e(Справочное пособие) |
|
| 210 |
_aМосква _cТранспорт _d1965 |
||
| 215 |
_a236 с. _cил. _d22 |
||
| 320 | _aБиблиогр.: с. 234 | ||
| 606 |
_aМосты на автомобильных дорогах _xПостройка _xТехника безопасности _2psbo |
||
| 606 |
_aАвтомобильные дороги _xПостройка _xТехника безопасности _2psbo |
||
| 606 |
_aДорожное строительство _xОхрана труда _2psbo |
||
| 700 | 1 |
_aМыльников _bП.В. _gПетр Владимирович |
|
| 801 | 0 |
_aRU _bNLR _gpsbo |
|
| 801 | 1 |
_aRU _bELAR _2rusmarc |
|
| 852 |
_aNLR _j65-6/1231 |
||
| 942 | _cBOOK | ||
| 980 | _aNB | ||